[Event "VIE Cup (Women)"]
[Site "Bac Giang"]
[Date "2018.06.03"]
[Round "7"]
[White "Nguyen, Ngan Ha"]
[Black "Do, Vu Thien Nhi"]
[Result "1-0"]
[WhiteElo "1489"]
[BlackElo "1761"]
[PlyCount "65"]
[EventDate "2018.05.30"]
[EventType "swiss"]
[EventRounds "9"]
[EventCountry "VIE"]
[SourceTitle "CBM 184 Extra"]
[Source "ChessBase"]
[SourceDate "2018.06.28"]
[SourceVersion "1"]
[SourceVersionDate "2018.06.28"]
[SourceQuality "1"]

1. d4 c6 2. c4 d5 3. Nc3 dxc4 4. e3 Bf5 5. Bxc4 e6 6. Nf3 Nf6 7. 0-0 Be7 8. h3 h6 9. Re1 0-0 10. a4 Nbd7 11. e4 Bh7 12. d5 exd5 13. exd5 Nb6 14. Ba2 cxd5 15. a5 Nbd7 16. Nxd5 Nxd5 17. Qxd5 Nc5 18. a6 b6 19. Ne5 Qxd5 20. Bxd5 Rad8 21. Nc6 Bf6 22. Nxd8 Rxd8 23. Bc4 Bd3 24. Bxd3 Rxd3 25. Ra2 g5 26. Be3 Nb3 27. Bxb6 axb6 28. Re8+ Kh7 29. a7 Rd1+ 30. Kh2 Nd2 31. g3 Rf1 32. Kg2 Bd4 33. Re2 1-0

[Event "VIE Cup (Women)"]
[Site "Bac Giang"]
[Date "2018.05.31"]
[Round "3"]
[White "Nguyen, Phuc Yen Nhi"]
[Black "Do, Vu Thien Nhi"]
[Result "1/2-1/2"]
[WhiteElo "1255"]
[BlackElo "1761"]
[PlyCount "63"]
[EventDate "2018.05.30"]
[EventType "swiss"]
[EventRounds "9"]
[EventCountry "VIE"]
[SourceTitle "CBM 184 Extra"]
[Source "ChessBase"]
[SourceDate "2018.06.28"]
[SourceVersion "1"]
[SourceVersionDate "2018.06.28"]
[SourceQuality "1"]

1. e4 c6 2. d4 d5 3. Nc3 dxe4 4. Nxe4 Bf5 5. Ng3 Bg6 6. Nh3 e6 7. Nf4 Nf6 8. h4 Ne4 9. Nxe4 Bxe4 10. f3 Bf5 11. g4 e5 12. gxf5 exf4 13. Bxf4 Qa5+ 14. Qd2 Qxf5 15. 0-0-0 Qd5 16. Re1+ Kd8 17. Qe3 Bd6 18. Bxd6 Qxd6 19. Qe5 Qxe5 20. Rxe5 Nd7 21. Re3 Re8 22. Rxe8+ Kxe8 23. Bh3 Nf6 24. Re1+ Kf8 25. c4 Re8 26. Rxe8+ Kxe8 27. Kd2 Ke7 28. b4 Kd6 29. Ke3 b6 30. Kd3 c5 31. a3 Nh5 32. Ke3 1/2-1/2